| 000 | 00532cam a2200205ua 4500 | ||
|---|---|---|---|
| 001 | 714 | ||
| 005 | 20260515113220.0 | ||
| 008 | 110419n ii |||gr||||Z||||||eng | ||
| 020 | _a81-85778-41-8 | ||
| 040 | _cMAIN | ||
| 082 | _a352.054 | ||
| 245 |
_aLocal governments in India. _cBy S R Maheswari. |
||
| 250 | _a10th. | ||
| 260 |
_aAgra.: _bLakshmi Narayan Agarwal., _c2004. |
||
| 300 |
_aviii, 430 p.: _c20 cm. |
||
| 653 | _aPolitical science. | ||
| 653 | _aLocal government in India. | ||
| 700 | _aMaheswari, S R., | ||
| 942 | _cBK | ||
| 999 |
_c641 _d641 |
||